|
|
|
|
| LEADER |
00957nam a22002894a 4500 |
| 001 |
30845 |
| 003 |
BD-DhAAL |
| 005 |
20160209125758.0 |
| 008 |
160209s2002 mau b 001 0 eng |
| 010 |
|
|
|a 2001026609
|
| 020 |
|
|
|a 0767427149
|
| 040 |
|
|
|a DLC
|c DLC
|d DLC
|d BD-DhAAL
|
| 050 |
0 |
0 |
|a PN4784.T4
|b H48 2002
|
| 082 |
0 |
0 |
|a 808/.06607
|2 21
|
| 100 |
1 |
|
|a Hewitt, John,
|d 1943-
|9 17927
|
| 245 |
1 |
0 |
|a Air words :
|b writing for broadcast news /
|c John Hewitt.
|
| 250 |
|
|
|a 3rd ed.
|
| 264 |
|
|
|a Boston, Mass. :
|b McGraw-Hill,
|c 2002.
|
| 300 |
|
|
|a xi, 217 p. :
|b ill. ;
|c 27 cm.
|
| 504 |
|
|
|a Includes index.
|
| 526 |
|
|
|a Jaatri
|
| 541 |
|
|
|e 30845
|
| 650 |
|
0 |
|a Television broadcasting of news.
|9 17928
|
| 650 |
|
0 |
|a Broadcast journalism
|x Authorship.
|9 17929
|
| 942 |
|
|
|2 ddc
|c BK
|
| 999 |
|
|
|c 36830
|d 36830
|
| 952 |
|
|
|0 0
|1 0
|2 ddc
|4 0
|6 808_066070000000000_HEW
|7 0
|9 57963
|a BRACUL
|b BRACUL
|c GEN
|d 2016-02-09
|e Jaatri
|l 0
|o 808.06607 HEW
|p 3010030845
|r 2016-02-09
|t 1
|w 2016-02-09
|y BK
|